[Event "Amsterdam SPA"]
[Site "?"]
[Date "2017.07.11"]
[Round "4"]
[White "Witt, Rob"]
[Black "Brouwer, Rein"]
[Result "1/2-1/2"]
[WhiteElo "2166"]
[BlackElo "2028"]
[Annotator "Witt"]
[PlyCount "44"]
[EventDate "2017.??.??"]

{Ik kende mijn tegenstander niet. Wel had ik gezien dat hij een week eerder in
het Utrecht Open een plusremise had gespeeld tegen Roeland Pruijssers. De
voorbereiding was lastig omdat hij op 1.d4 diverse openingen speelt. Ik had
mij beperkt tot het Wolga Gambiet en natuurlijk komt dat niet op het bord.} 1.
d4 d5 2. c4 c6 {Hij speelt zelf de ruilvariant, dus dan maar wat anders.} 3.
Nf3 Nf6 4. Qc2 {Geïnspireerd door Ivanchuk die dit de laatste tijd veel
gespeeld heeft.} g6 {Maar dit kreeg hij niet op het bord. Zelf heb ik dit een
keer met succes gespeeld tegen Chuchelov.} ({De stelling na} 4... dxc4 5. Qxc4
{wilde ik wel spelen. Maar dan kan ik beter met 4.Db3 beginnen.}) 5. Bf4 Bg7 6.
e3 Bf5 {Hierna ben ik 'out of book'.} ({Ik zie in de database dat de meeste
partijen verder gaan met} 6... O-O 7. Nc3 {en op} Bf5 ({goede alternatieven
zijn} 7... Na6 {en}) (7... c5) 8. Qb3 Qb6 {is} 9. c5 Qxb3 10. axb3 Nbd7 11. h3
{ook niet veel voor wit.}) 7. Qb3 Qb6 8. c5 $6 (8. Nc3) 8... Qxb3 9. axb3 Nbd7
10. Nc3 ({Mijn eerste gedachte was natuurlijk om mijn Lf4 te behouden met} 10.
h3 {maar zowel} Bxb1 ({en ook} 10... Ne4 11. g4 Be6) 11. Rxb1 Ne4 {bevielen me
niet.}) 10... Nh5 {Ik dacht bij mijn vorige zet dat ik dit met Lc7 kon
beantwoorden. Maar toen zag ik ineens dat dit geen zin had wegens Tc8.} 11. b4
$2 {Dat is het in ieder geval niet.} ({Ik had natuurlijk wel} 11. Bc7 $1 {
moeten spelen. Want} Rc8 $2 {kan helemaal niet wegens} 12. Rxa7 {en zwart boft
nog dat de schade beperkt blijft met} Nxc5 {Ik zit duidelijk niet in de partij
en dat komt omdat ik zat te balen van mijn openingskeus.}) 11... Nxf4 12. exf4
{Zwart staat duidelijk beter.} O-O ({Verrassend dat de engines hier suggereren
om eerst het paard om te spelen naar e6.} 12... Nf8 $15) 13. Be2 Be4 {Na 10
minuten. Ik zou eerder een torenzet verwachten en e5 of b6 voorbereiden.} 14.
Nxe4 dxe4 15. Ne5 Nxe5 $6 (15... Rfd8 {leek me beter.}) 16. fxe5 Rfd8 17. O-O-O
{Nu gaat het wel weer voor wit.} b5 18. f4 $6 {Ik was bang voor f6.} ({
Stockfish vindt zelfs dat ik iets beter sta als ik scherp voortzet met} 18. Kc2
a5 19. f3 $14 {Maar ik was al lang niet meer in de juiste stemming om dit
soort varianten te analyseren.}) 18... f5 $6 {Nergens voor nodig. Pion e4 is
niet in gevaar.} ({Dat kan altijd nog na bijv.} 18... a5 19. bxa5 Rxa5 20. Kc2
Ra4 21. Kc3 e6 22. Rhe1 f5) 19. Kc2 e6 20. Kc3 a5 21. bxa5 Rxa5 22. h4 {
Gericht tegen plannen met Lh6 en g5.} h5 {met remiseaanbod dat ik meteen
accepteerde. Een frusterende partij.} 1/2-1/2

[Event "Amsterdam SPA"]
[Site "?"]
[Date "2017.07.12"]
[Round "5"]
[White "Binnendijk, Ferdinand"]
[Black "Witt, Rob"]
[Result "1-0"]
[WhiteElo "2049"]
[BlackElo "2166"]
[Annotator "Witt"]
[PlyCount "87"]
[EventDate "2017.??.??"]

1. d4 d6 2. e4 Nf6 3. Nc3 g6 4. f4 Bg7 5. Nf3 O-O 6. Bd3 Nc6 7. a3 {Vreemde
zet.} e5 {Dit leek me de logische zet en komt 10x voor in de database.} (7...
Bg4 {is echter veel vaker gespeeld (44x).} 8. Be3 e5 {0-1 (30) Sinkin,B (1893)
-Romanov,E (2654) Kemerovo 2013}) 8. d5 Nd4 9. fxe5 dxe5 10. Ne2 $2 {Na 20
minuten.} (10. O-O) 10... Nxf3+ 11. gxf3 Nh5 {Na een kwartier.} (11... Bh3 {
vond ik ook aantrekkelijk.}) 12. Be3 {Na 10 minuten.} Qh4+ {Na 8 minuten.} (
12... Nf4 {was het alternatief. Mogelijk is dit nog iets sterker dan de
tekstzet.}) 13. Kd2 ({Op} 13. Ng3 {plande ik} f5 14. Bf2 Nf4 15. Nxf5 $2 {
is dan niet goed wegens} Ng2+ 16. Ke2 Qh3 $1 17. Ne7+ Kh8 18. Bg3 Rxf3 19. Nxc8
Qg4 $19) ({En op} 13. Bf2 {plande ik} Qf6 14. Ng3 Nf4 {en dan verder kijken.})
13... Nf4 14. Qe1 Qxe1+ $6 {Ron Hoffman vond dat ik de dames op het bord had
moeten houden en in de post-mortem leek dat inderdaad beter.} 15. Raxe1 Ng2 16.
Rd1 Nxe3 17. Kxe3 {Het zwarte voordeel valt toch een beetje tegen.} Bh6+ $6 ({
Verder ontwikkelen met} 17... Bd7 {was beter geweest.}) 18. Kf2 f5 19. Kg3 $2 {
A tempo gespeeld.} ({Stockfish geeft} 19. h4 $1 {en van zwart voordeel is geen
sprake meer.}) 19... Be3 20. Bc4 {Beide spelers hebben nog drie kwartier.} Kh8
21. Rd3 {Heeft weinig zin.} (21. d6 cxd6 22. Rxd6 fxe4 23. fxe4 Bf2+ 24. Kg2
Bb6) 21... Bd7 22. Kg2 Bc5 23. Ng3 a5 24. Rb3 {Na een kwartier. Deze
verrassende zet leek me in eerste instantie slecht, maar een zet later herzag
ik mijn mening.} b6 25. Bb5 {Nu pas begreep ik zijn bedoeling en nu ging ik
een kwartiertje nadenken of ik de kwaliteit wel wilde.} a4 ({Ik besloot toch
maar voor de kwaliteit te gaan. Het alternatief was} 25... Bxb5 26. Rxb5 a4 {
en de witte toren staat ingesloten. Ik zag echter geen methode om hier gebruik
van te maken.}) 26. Bxd7 axb3 27. cxb3 fxe4 $2 ({Beter was} 27... Bd4 {waar ik
wel naar gekeken had, maar verkeerd beoordeeld.} 28. exf5 ({Stockfish geeft de
voorkeur aan} 28. a4) 28... Bxb2 29. a4 {en hier miste ik het sterke} Ra5 $1
$17) 28. Nxe4 Rad8 {Ik beschouwde dit meteen als een blunder, maar de engine
vindt dat onzin.} ({Toen ik tot de kwaliteitswinst besloot was mijn bedoeling
hier verder te gaan met} 28... Bd4) 29. Nxc5 $2 {De engine beschouwt dit juist
als een blunder terwijl ik hier zat te balen van mijn 'vingerfout'.} (29. Be6
$15 {is de juiste zet.}) 29... bxc5 30. Bc6 Rb8 31. b4 cxb4 32. a4 {Ik had
hier nog 20 minuten en na slechts 3 minuten speelde ik} Kg7 $2 {Ik wilde mijn
e-pion niet kwijt en de witte a-pion kan ik nog tegenhouden.} ({Veel beter is} 
32... Rb6 33. Re1 Rf5 {met winstkansen. Ik durf niet te zeggen hoe reëel die
zijn.}) 33. Re1 Kf6 34. b3 Rb6 35. Re4 {Het verbaast me dat Stockfish zwart
hier voordeel geeft. Ik dacht tijdens de partij dat ik verloren stond.} Rfb8 $6
{Niet nodig maar verpest nog niets.} ({Hier of op de volgende zet} 35... g5 {
volgens de engine.}) 36. Kf2 Ra6 $6 (36... g5) 37. Ke3 g5 38. Kd3 {Wit gaat
met Kc4 en Lb5 ophalen. Ik had hier totaal niet door dat ik me dan nog steeds
kan verdedigen.} Rbb6 39. Kc4 Ra5 $2 (39... Ra7 $1 {met het idee} 40. Bb5 Rd6
$13) 40. Bb5 {Ik zag geen verdediging meer en had me met de nederlaag verzoend.
} Rbxb5 $2 {Misplaatste wanhoop.} ({Volgens de engine zou} 40... Ra8 {nog
gelijk zijn. Ik kan het nauwelijks geloven, maar ik heb geen zin dit uit te
zoeken.}) ({of} 40... Ra7 $11) 41. axb5 Ra2 42. Kxb4 $2 {Hier had Fedinand nog
lang over nagedacht.} ({Hij kon meteen winnen met} 42. d6 $18) 42... Rd2 $2 {
Ik heb dit hele eindspel niets gezien.} ({Ik had me hier misschien nog kunnen
verdedigen met} 42... Ke7 $1 43. Rxe5+ Kd7 44. Rxg5 Rxh2 {Een interessant
toreneindspel om te analyseren, maar de tijd ontbreekt me.}) 43. Rc4 Rxd5 44.
Rxc7 {en ik feliciteerde Ferdinand. Ik heb weinig van het eindspel begrepen en
had ook niet de juiste instelling terwijl ik genoeg tijd had.} 1-0

[Event "Amsterdam SPA"]
[Site "?"]
[Date "2017.07.13"]
[Round "6"]
[White "Witt, Rob"]
[Black "Rosmuller, Anton"]
[Result "1/2-1/2"]
[WhiteElo "2166"]
[BlackElo "2070"]
[Annotator "Witt"]
[PlyCount "73"]
[EventDate "2017.??.??"]

{Vooraf stelden Anton en ik vast dat we elkaar al bijna 50 jaar kenden, o.a.
van toernooien in Spanje begin jaren 70, maar nog nooit tegen elkaar gespeeld
hebben.} 1. d4 f5 {Een verrassing. Anton speelt vrijwel altijd de KID. Ik
vermoedde dat hij mijn Staunton tegen Reinderman (Bussum 2013) gezien had en
besloot voor een hoofdvariant te kiezen.} 2. g3 Nf6 3. Bg2 g6 4. c4 Bg7 5. Nc3
O-O 6. Nf3 d6 7. O-O c6 8. Rb1 a5 {Deze stelling stond vlot op het bord.} 9.
Qb3 {Dit speelde ik ook onlangs in Hilversum tegen Pruijssers en die partij
had Anton niet gezien.} Ne4 {Na ruim 10 minuten.} (9... Kh8 {is het meest
gebruikelijk.}) (9... e6 {speelde Pruijssers tegen mij.}) 10. Rd1 (10. Be3 Kh8
11. Nxe4 fxe4 12. Nd2 d5 13. f3 e5 14. fxe4 exd4 15. Rxf8+ Qxf8 16. Bf2 {
Gustafsson,J (2647)-Cmilyte,V (2526) Aix les Bains 2011 (31.1-0)}) 10... Nxc3
11. bxc3 a4 12. Qc2 Qa5 {Die had ik niet zien aankomen. Ik vroeg me af of ik
mijn dame niet beter op de b-lijn had moeten laten.} 13. e3 {Na een kwartier.}
({Anton is handig in rommelige stellingen. Daarom speelde ik niet} 13. Ba3 {
wegens} f4) 13... Nd7 ({Op} 13... e5 14. Ba3 e4 {plande ik} 15. Bxd6 $5 exf3
16. Bxf8 Bxf8 17. Bxf3 {Dit lijkt inderdaad kansrijk voor wit.}) 14. Ba3 Nf6
15. Nd2 g5 {Na een kwartier.} 16. f4 {Na 10 minuten.} h6 17. c5 d5 {Ik besefte
dat ik hier goed moet staan. Maar hoe moet het verder? Heeft c3-c4 wel of geen
zin; Moet ik mijn paard omspelen naar e5; moet ik zijn dame van de
koningsvleugel afsnijden met Tb6, moet ik mijn toren op b4 zetten en langzaam
de verovering van pion a4 voorbereiden? Ik kwam er niet uit en na een
kwartiertje speelde ik maar} 18. Rb4 Ne4 {Ook na ruim een kwartier.} 19. Re1 {
Met het idee om Lg2 om te spelen naar d1 en pion a4 op te halen. Maar dit kost
veel tijd.} ({Het beste lijkt me achteraf} 19. c4 {om e6 af te dwingen al of
niet vooraf gegaan door ruil op d2.}) 19... Bf6 20. Bf3 Kh8 21. Bd1 Qd8 22. Nf3
$2 {Ik begin wat besluiteloos te spelen. De engine slaat ijskoud op e4 en a4
wat ik wel even overwoog maar niet aandurfde omdat zijn Lc8 dan mee gaat doen.}
(22. Nxe4 fxe4 23. Rxa4 Rxa4 24. Qxa4 Bh3 25. Qc2 {lijkt inderdaad goed voor
wit te zijn, al heeft zwart compensatie in de vorm van aanvalskansen tegen
mijn koning.}) (22. Bh5 $5 {heb ik niet overwogen.}) 22... Rg8 23. Bc1 Qe8 24.
Ne5 $6 {Een zinloze zet.} (24. c4 $5) 24... Rg7 (24... h5 $5) 25. Re2 h5 26.
Rg2 Bxe5 {Na 10 minuten. Zwart heeft nog een kwartier, wit 25 minuten. Zwart
heeft ook allerlei andere zetten. De stelling is hoogst onduidelijk.} 27. fxe5
g4 {Ook deze zet verraste mij.} 28. Kf1 $2 ({Veiliger was het omspelen van
mijn loper naar e1.} 28. Bd2) 28... Rh7 $6 {Nu speelt Anton te aarzelend.} (
28... h4 $1 {en wit heeft het lastig.}) 29. Bd2 Rg7 $6 {Anton durft niet door
te zetten.} 30. Be1 Qg6 {Inmiddels is alles weer okay voor wit.} 31. Qe2 $2 {
Een slordigheid die onopgemerkt blijft al zag ik het zelf wel toen ik mijn
dame losliet.} a3 ({Zwart had gebruik kunnen maken van mijn laatste zet met} 
31... b5 $1 {Ik weet niet of ik dan een kwaliteit geofferd had met} 32. cxb6
Ba6 33. c4 Bxc4 34. Rxc4 dxc4 35. Qxc4 {of gekozen had voor niets doen.}) 32.
Rb6 Ra7 {Zwart nog 5 minuten, wit 20 minuten. Hier hadden wij een kort
gesprekje. Anton: "Wil jij winnen?" Rob: "Ja, natuurlijk." Anton: "Oh". Rob:
"Mits de stelling het toelaat natuurlijk. Wil jij niet winnen?" Anton: "Nee,
ik niet. Ik ben te oud." Rob: "Moet ik dit dan als een remiseaanbod
beschouwen? Dan noteer ik een =je." Anton: "Ja, doe maar. Wat schrijf jij
netjes."} 33. Bc2 Ng5 34. Rf2 e6 35. Rg2 Qh6 36. Bd2 Nf3 37. Be1 {En nu bood
ik maar remise aan, wat Anton meteen accepteerde. Hij vroeg nog of hij mijn
blaadje mocht hebben, want het zijne kon hij nauwelijks ontcijferen. Dat
weigerde ik natuurlijk.} 1/2-1/2

[Event "Amsterdam SPA"]
[Site "?"]
[Date "2017.07.14"]
[Round "7"]
[White "Sula, Avni"]
[Black "Witt, Rob"]
[Result "1/2-1/2"]
[WhiteElo "2047"]
[BlackElo "2166"]
[Annotator "Witt"]
[PlyCount "160"]
[EventDate "2017.??.??"]

{Ik heb nooit eerder tegen clubgenoot Avni gespeeld en had geen idee wat ik
kon verwachten.} 1. d4 Nf6 2. Nf3 d5 3. Bf4 {Als ik dit geweten had, zou ik op
zet 2 wat anders gespeeld hebben.} c5 4. e3 Nc6 5. c3 e6 ({De bekende variant} 
5... Qb6 6. Qb3 c4 7. Qc2 Bf5 8. Qc1 e6 {heb ik ook wel eens op het bord gehad.
Dit lijkt goed voor zwart maar in de praktijk valt het een beetje tegen.}) 6.
Nbd2 Bd6 7. Bg3 {Avni speelde alles snel en ik besloot hier af te wijken van
de hoofdvariant.} b6 ({De stelling na} 7... O-O 8. Bd3 b6 9. Ne5 Bb7 10. f4 Ne7
11. Qb1 g6 12. Bf2 {heb ik het afgelopen seizoen een keer bekeken. Zwart staat
zeer solide, maar op winst spelen valt niet mee.}) 8. Bd3 {Na 6 minuten.} ({
Hij heeft ongetwijfeld gekeken naar} 8. Bb5 Qc7 {Dit blijkt voorgekomen te
zijn in Kamsky,G (2680)-Nakamura,H (2816) Las Vegas 2015 (62.0-1)}) 8... Bb7 9.
Ne5 {Weer snel gespeeld volgens bekende patronen. Na ruim 10 minuten kwam ik
op het onzalige idee om lang te rokeren.} Bxe5 $2 {Maar dit is niet de goede
manier.} (9... Qc7 10. f4 O-O-O {is nog wel speelbaar al is Stockfish niet
enthousiast.}) 10. dxe5 Nd7 11. f4 Qe7 12. Qh5 $1 {Dit goede idee heb ik niet
zien aankomen. Maar andere zetten waren ook goed voor wit.} O-O-O 13. O-O-O {
Na 8 minuten. Wit had hiermee kunnen wachten of zelfs kort rokeren.} ({Zeer
sterk is} 13. e4) ({En ook meteen} 13. Bh4 f6 14. e4 {is vervelend voor zwart.}
) 13... f5 {Na 20 minuten, waarin ik voornamelijk zat te balen van mijn
openingskeus.} ({Na het betere} 13... f6 {valt de schade nog wel mee.}) 14. Bh4
Qe8 {Avni speelt de volgende 8 zetten allemaal snel en vol zelfvertrouwen.} 15.
Qe2 Ne7 ({Ik had graag tussendoor} 15... c4 {ingelast. Ware het niet dat wit
dan sterk kan offeren} 16. Bxc4 dxc4 17. Nxc4 $18) 16. g4 g6 17. gxf5 gxf5 18.
Rhg1 Qf7 19. c4 Rdf8 $2 {Ik wilde geen paard op c4 toelaten, dus moet ik na
ruil op d5 met de pion terug kunnen slaan zonder dat ik pion f5 verlies. Die
pion blijft echter hopeloos zwak.} ({Noodzakelijk was} 19... d4 {al is dat ook
geen pretje.}) 20. Bxe7 Qxe7 21. cxd5 exd5 22. Qh5 {Ik ben hier in hoog tempo
totaal overspeeld. Na ruim een kwartier kwam ik met} Kb8 {Hier begon Avni voor
het eerst sinds zet 13 weer eens lang na te denken. Na een kwartiertje speelde
hij verrassend} 23. Qh6 {Ik kan nu niet op e5 offeren, want hij ruilt meteen
dames. Hij dreigt op g7 binnen te vallen en pion f5 blijft hopeloos zwak. Ik
stond op het punt om op te geven.} ({Kennelijk vond hij het te rommelig na} 23.
Bxf5 Nxe5 24. fxe5 Qxe5 {waarna ik ook pion e3 nog krijg. het is echter totaal
uit na} 25. Bg4 Qxe3 26. Rge1 Qd4 27. Re7 $18) 23... Rf7 {Na 22 minuten.
Eigenlijk na 26 minuten, want Avni had zijn klok niet ingedrukt wat ik pas na
4 minuten zag. Ik was zo sportief om hem te waarschuwen waarvoor hij mij
vriendelijk bedankte. Ik heb nog een kwartier over.} 24. Rg5 ({Michael Wunnink
noemde na afloop} 24. e6 Rf6 25. Qg7 {direct winnend, maar zwart heeft nog}
Qxg7 26. Rxg7 Nf8 27. e7 Ng6 28. Rxh7 ({of} 28. Bb5 Bc6 29. Bxc6 Rxc6 30. Rxh7
Re8) 28... Bc6 {Ik herinner me dat ik deze stelling nog had gezien tijdens
mijn lange denkpauze.}) ({Het sterke} 24. Nc4 $1 {had ik ook gezien en hoopte
maar dat Avni die niet zag.}) 24... Rhf8 25. Bc2 {Na 10 minuten.} c4 {Na 5
minuten. Ik hoopte dat de non-dreiging c3 hem nog een beetje nerveus zou maken.
Dat blijkt in eerste instantie wel mee te vallen al denkt hij weer ruim 10
minuten na.} 26. Nf3 c3 27. Bb3 $2 {A tempo de zet waar ik op hoopte, maar om
de verkeerde reden.} (27. Nd4 $18) 27... Nf6 $2 {Een leuke zet om snel uit te
voeren en ik zag dat hij schrok, maar de zet is niet goed.} ({De andere
paardzet was beter} 27... Nc5 $1 {De enige zet om voordeel te houden is dan}
28. Qd6+ ({slecht is} 28. Bxd5 $2 {wegens} Na4 $1) 28... Qxd6 29. exd6 cxb2+
30. Kxb2 {maar het is niet meer zo duidelijk gewonnen na} Rf6) 28. Rxf5 {
De beste zet, maar die kostte weer 10 minuten. Hij heeft nog 6 minuten over.}
cxb2+ $2 {Te snel gespeeld, jammer.} ({Ik mis hier} 28... Qc5 $1 {Dat had Avni
vast weer een paar minuten gekost. Als hij koelbloedig is speelt hij} 29. Rxf6
(29. Nd4 $2 Ne4 $1) 29... Qxe3+ 30. Kb1 Qe4+ 31. Ka1 Qxf3 32. Rxf7 Rxf7 33.
Qd6+ Rc7 34. e6 Ba6 {maar het blijft goed voor wit na} 35. Qe5 $16) 29. Kxb2
Ng4 $2 {Ik dacht dat ik pion e3 kreeg.} (29... Ne4) 30. Rxf7 Rxf7 31. Qd6+ Qxd6
32. exd6 {Het korte feestje is voorbij. Het staat al weer ruim + 3 voor wit.
Alleen nog even de tijdcontrole halen.} Rf8 {Ik heb hier nog 2 minuten.} (32...
Nxe3 33. Re1 Nf5 34. Re8+ Bc8 35. Bxd5 {is nog meer uit.}) 33. Ne5 Nf6 34. Ba4
{Wit ook nog 2 minuten.} a6 35. Bc6 $6 (35. d7 $1) 35... Rd8 ({Relatief beter
maar ook verliezend was} 35... Bxc6 36. Nxc6+ Kb7 37. Ne5 Rd8 38. d7) 36. Bxb7
(36. d7 $1) 36... Kxb7 37. d7 Kc7 38. Rg1 Nxd7 39. Rg7 Kc8 40. Rxh7 $2 ({Na} 
40. Nf7 $18 {kan ik rustig opgeven.}) 40... Nxe5 41. fxe5 {Allebei een half
uur erbij. Even een rookpauze en dan eens kijken of dit eindspel te houden is.}
d4 42. e4 (42. exd4 Rxd4 43. h4 Re4 44. Rh5 Kd7 {is remise, zoals verdere
analyses aantonen.}) 42... d3 43. Kc1 Rd4 44. Rh4 d2+ {Een tikkeltje
onnauwkeurig maar voldoende.} (44... Kd7 {is makkelijker remise. Bijv.} 45. Kd2
Ke6 46. Rh6+ Kxe5 47. Rxb6 Ra4 $11) 45. Kd1 Kd7 46. Rg4 Ke6 $6 {Weer
onnauwkeurig. Ik speel ongeconcentreerd en verdiep me niet genoeg in de
varianten.} (46... Ra4 $1 {is weer vrij makkelijk remise.}) 47. h4 $2 (47. Rg6+
Kxe5 48. Rxb6 {is een betere kans al lijkt het me remise na} Rxe4 49. Rb2 Rh4
50. Rxd2 a5) 47... Kxe5 $2 {zonder nadenken gespeeld. Nu komt mijn toren
passief te staan.} ({De engine geeft het leerzame} 47... Rd3 $1 $11 {
Toreneindspelen moet je altijd aktief spelen.}) 48. h5 {Nu komt de witte toren
achter de vrijpion en is het waarschijnlijk verloren.} Rd6 49. Rh4 Rh6 {
Beiden nog 20 minuten. Zwart weer in grote problemen.} 50. Kxd2 Kd4 $2 {
Ik kan beter mijn pionnen opspelen. Maar waarschijnlijk verliest dat ook.} 51.
Ke2 Ke5 52. Kf3 Kf6 53. Kf4 Rh8 54. e5+ Kg7 55. Kg5 {Het is totaal uit.} (55.
h6+) 55... Rh6 56. Rc4 Re6 57. Kf5 (57. h6+ {[%eval 5081,0] geeft Stockfish.})
57... Rh6 58. Kg5 Re6 59. Kf5 Rh6 60. Rg4+ {Avni is nerveus en probeert met
zetherhalingen wat increment te verdienen. Ik zet iedere keer a tempo en Avni
heeft zichtbaar moeite met de coördinatie van een zet doen, klok indrukken en
de zetten correct noteren. Desondanks blijft het heel lang totaal uit.} (60.
Rc7+) 60... Kf8 61. Kg5 Re6 62. Kf5 Rh6 63. Rh4 Kf7 64. Rh1 b5 65. Kg5 Re6 66.
Rf1+ Kg7 67. Kf4 Kf7 68. Rh1 Rh6 69. Kg5 Re6 70. Rf1+ Kg7 71. Re1 b4 72. Kf4
Kf7 73. Rc1 Rh6 74. Kg5 Re6 75. Rc7+ Kg8 76. Kf5 Rh6 77. e6 Kf8 78. Kg5 $4 {
Avni is totaal in de war.} (78. e7+ {wint makkelijk evenals diverse andere
zetten.}) 78... Rxe6 79. h6 Kg8 80. Rb7 a5 {Het blaadje is vol. En daarom
besloten we maar tot remise. Ik heb zowaar nog een gelukje in dit voor mij
rampzalige toernooi.} 1/2-1/2